MLB Top 100 Players 2020 - Statistics

General Stats
  • This quiz has been taken 100 times
  • The average score is 62 of 100
Answer Stats
Rank 2020 Team Player % Correct
1 Angels Mike Trout
99%
16 Yankees Aaron Judge
95%
2 Brewers Christian Yelich
95%
17 Astros Jose Altuve
95%
4 Dodgers Mookie Betts
93%
70 Pirates Josh Bell
91%
3 Dodgers Cody Bellinger
89%
10 Indians Francisco Lindor
89%
7 Yankees Gerrit Cole
89%
8 Mets Jacob deGrom
89%
9 Rockies Nolan Arenado
89%
13 Astros Justin Verlander
88%
5 Astros Alex Bregman
85%
14 Nationals Max Scherzer
85%
12 Braves Ronald Acuna Jr
85%
11 Nationals Juan Soto
84%
33 Phillies Bryce Harper
83%
43 Astros Carlos Correa
83%
6 Angels Anthony Rendon
81%
15 Braves Freddie Freeman
81%
75 Yankees Aroldis Chapman
80%
18 Astros George Springer
80%
19 Athletics Matt Chapman
80%
61 Dodgers Clayton Kershaw
79%
34 Cubs Kris Bryant
79%
20 Nationals Stephen Strasburg
79%
24 Mets Pete Alonso
77%
54 Dodgers Justin Turner
76%
46 Cardinals Paul Goldschmidt
76%
76 Nationals Trea Turner
76%
63 Yankees Giancarlo Stanton
75%
21 Rockies Trevor Story
75%
39 Cubs Anthony Rizzo
73%
57 Angels Shohei Ohtani
73%
23 Cubs Javier Baez
69%
62 Red Sox Chris Sale
68%
32 Padres Fernando Tatis Jr
68%
25 Diamondbacks Ketel Marte
68%
27 Red Sox J.D. Martinez
67%
59 Padres Manny Machado
67%
22 Red Sox Xander Bogaerts
67%
38 Athletics Matt Olson
65%
40 Red Sox Rafael Devers
65%
50 Indians Jose Ramirez
64%
99 Blue Jays Bo Bichette
63%
100 Blue Jays Vladimir Guerrero Jr
63%
66 Astros Zack Greinke
63%
31 Yankees Gleyber Torres
61%
26 Twins Josh Donaldson
60%
85 Rockies Charlie Blackmon
59%
36 Dodgers Max Muncy
59%
55 Braves Ozzie Albies
59%
29 Dodgers Walker Buehler
59%
77 Dodgers Corey Seager
57%
96 White Sox Jose Abreu
57%
51 Twins Nelson Cruz
56%
80 Yankees Gary Sanchez
55%
41 Phillies J.T. Realmuto
55%
95 White Sox Tim Anderson
55%
82 Rays Blake Snell
53%
52 Rays Charlie Morton
53%
37 Yankees DJ LeMahieu
53%
53 Blue Jays Hyun-Jin Ryu
53%
65 Astros Yordan Alvarez
53%
81 Phillies Aaron Nola
52%
74 Brewers Josh Hader
52%
64 Rangers Joey Gallo
51%
30 Athletics Marcus Semien
51%
56 Royals Whit Merrifield
51%
35 Reds Eugenio Suarez
49%
28 Cardinals Jack Flaherty
49%
49 Mets Jeff McNeil
49%
90 Twins Miguel Sano
47%
47 Indians Mike Clevinger
45%
58 Indians Shane Bieber
45%
42 White Sox Yasmani Grandal
44%
83 Yankees Luis Severino
43%
72 Twins Max Kepler
43%
44 Astros Michael Brantley
43%
89 Twins Mitch Garver
43%
71 Reds Nicholas Castellanos
43%
60 White Sox Yoan Moncada
43%
86 Indians Carlos Santana
41%
92 Rays Tyler Glasnow
41%
45 Rays Austin Meadows
40%
97 White Sox Eloy Jimenez
39%
78 Mets Michael Conforto
39%
67 Braves Mike Soroka
39%
79 Cubs Willson Contreras
39%
94 Brewers Keston Hiura
37%
93 Reds Mike Moustakas
37%
69 Royals Jorge Soler
36%
91 Reds Luis Castillo
36%
48 Nationals Patrick Corbin
36%
68 Padres Tommy Pham
36%
73 Padres Kirby Yates
35%
87 Diamondbacks Eduardo Escobar
33%
88 Twins Jorge Polanco
32%
84 Athletics Ramon Laureano
31%
98 Dodgers Joc Pederson
29%
No matching quizzes found
Score Distribution
Percent of People with Each Score
Percentile by Number Answered
Your Score History
You have not taken this quiz